Países americanos - "Ahorcado" aleatorio - Estadísticas

Estadísticas generales
  • Esta prueba ha sido intentada 644 veces
  • La puntuación promedio es 5 de 7
Estadísticas de respuestas
Letra % Correcto
A
100%
A
100%
A
100%
A
100%
A
100%
A
98%
A
97%
A
97%
A
97%
A
97%
R
92%
A
90%
A
90%
A
90%
E
88%
O
88%
U
85%
C
83%
I
83%
D
81%
O
78%
I
76%
I
76%
I
75%
B
71%
U
71%
L
69%
M
69%
V
69%
C
67%
N
67%
R
66%
R
64%
N
63%
M
62%
S
60%
M
57%
D
53%
G
53%
J
53%
R
53%
B
50%
S
50%
U
50%
U
50%
U
50%
Y
50%
H
48%
G
47%
No se encontraron pruebas coincidentes
Distribución de puntuación
Porcentaje de gente con cada puntuación
Porcentaje por número respondido
Historial de tus puntuaciones
No has intentado esta prueba.